logo

Bir Sreshtho Munshi Abdur Rouf Library
Jhenaidah Cadet College

হাউ টু টক টু এনিওয়ান / (Record no. 13858)

MARC details
000 -LEADER
fixed length control field 00806nam a2200241 a 4500
001 - CONTROL NUMBER
JCCL Control Number 13858
003 - CONTROL NUMBER IDENTIFIER
JCCL marc code BD-JhCC
005 - DATE AND TIME OF LATEST TRANSACTION
control field 20240424080821.0
008 - FIXED-LENGTH DATA ELEMENTS--GENERAL INFORMATION
fixed length control field 181026b2023 bg |||| ||a| 000 0 ben d
020 ## - INTERNATIONAL STANDARD BOOK NUMBER
International Standard Book Number 9789849773320
035 ## - SYSTEM CONTROL NUMBER
system control number (BD-JhCC)13858
040 ## - CATALOGING SOURCE
Original cataloging agency BD-JhCC
Modifying agency BD-JhCC
041 ## - LANGUAGE CODE
Language code of Book bengali
082 ## - DEWEY DECIMAL CLASSIFICATION NUMBER
Classification number 158.12
Author mark and Year LOW 2023
100 ## - MAIN ENTRY--PERSONAL NAME
Personal name লোনডেস , লেইল
245 ## - TITLE STATEMENT
Title হাউ টু টক টু এনিওয়ান /
Statement of responsibility, etc লেইল লোনডেস , অনুবাদক: এ. এস. এম. রাহাত ।
Remainder of title
260 ## - PUBLICATION, DISTRIBUTION, ETC. (IMPRINT)
Place of publication, distribution, etc ঢাকা:
Name of publisher, distributor, etc শব্দশিল্প;
Date of publication, distribution, etc 2023.
300 ## - PHYSICAL DESCRIPTION
Pagination 240 p. :
Dimensions 22 cm.
650 ## - SUBJECT ADDED ENTRY--TOPICAL TERM
Topical term or geographic name as entry element Self-development and meditation
700 ## - ADDED ENTRY--PERSONAL NAME
Personal name . রাহাত, এ. এস. এম
942 ## - ADDED ENTRY ELEMENTS (KOHA)
Source of classification or shelving scheme Dewey Decimal Classification
Koha item type Books
Holdings
Source of classification or shelving scheme Damaged status Not for loan Home library Current library Shelving location Date of accession Source of acquisition Cost, normal purchase price Total Checkouts Full call number Barcode Checked out Date last seen Date checked out Copy number Method of acquisition Koha item type Currency
Dewey Decimal Classification     JCC Rouf Library JCC Rouf Library General Stacks   With The Compliments Of 7th Intake 450.00 8 158.12 LOW 2023 19232 11/29/2025 11/04/2025 11/04/2025 C-1 Gift/Donation Books BDT

JCC Library | Contacts | JCC Home

Last Update on 23 September 2017
Copyright @ 2017-2020 JCC Rouf Library
Rouf Library, Jhenidah Cadet College (JCC), Bangladesh